| 000 | 00558nam a2200205Ia 4500 | ||
|---|---|---|---|
| 005 | 20241129111324.0 | ||
| 008 | 241129s9999||||xx |||||||||||||| ||und|| | ||
| 037 | _aTB | ||
| 040 |
_aCRL _beng _cCRL |
||
| 041 |
_aara _2ara |
||
| 084 |
_aO28v, Q2 _qCRL |
||
| 100 |
_aTaufeeq Umar Ibraheem Au. _9724072 |
||
| 245 | 0 |
_aAl-wafi fi tareekh al-adab al-arbi fi al-undalis _cTaufeeq Umar Ibraheem Au. |
|
| 260 | _c2012 | ||
| 300 | _a320p. | ||
| 365 |
_aINR _b1950 |
||
| 650 | _aArabic Literature | ||
| 942 |
_cTB _hO28v, Q2 |
||
| 999 |
_c1229922 _d1229922 |
||